000 00717nam a2200241 a 4500
001 68503
003 BD-RjUL
005 20211209081759.0
008 820406s1982 nyua b 001 0 eng
020 _a0044229232
035 _a(BD-RjUL)68713
040 _aDLC
_cDLC
_dDLC
_dBD-RjUL
_beng
041 _aeng
082 0 0 _223
_a578
_bGAB 1982
100 1 _aGabriel, Barbra L.
_9203043
245 1 0 _aBiological electron microscopy /
_cBarbra L. Gabriel.
260 _aNew York :
_bVan Nostrand Reinhold,
_cc1982.
300 _axiii, 264 p. :
_bill. ;
_c24 cm.
504 _aIncludes bibliographies and indexes.
650 0 _aElectron microscopy.
_9203044
650 2 _aMicroscopy, Electron.
_9203045
942 _2ddc
_cBK
999 _c68503
_d68503